Stratégia trvalo udržateľného rozvoja diplomová práca

Guardado en:
Detalles Bibliográficos
Autor principal: Macáková, Viera
Autor Corporativo: Národohospodárska fakulta EU. Katedra hospodárskej politiky
Otros Autores: Vincúr, Pavol
Formato: Libro
Lenguaje:eslovaco
Publicado: Bratislava 2010
Etiquetas: Agregar Etiqueta
Sin Etiquetas, Sea el primero en etiquetar este registro!

MARC

LEADER 00000nam a2200000 4500
001 0120039
005 20240318123511.3
041 0 |a slo 
044 |a SK 
245 1 0 |a Stratégia trvalo udržateľného rozvoja  |b diplomová práca  |c Viera Macáková ; škol. Pavol Vincúr 
264 1 |a Bratislava  |c 2010 
300 |a 63 s. 
100 1 |a Macáková, Viera 
700 1 |a Vincúr, Pavol 
710 2 |a Národohospodárska fakulta EU. Katedra hospodárskej politiky